[Event "Valencia Region-ch Segunda"]
[Site "Valencia"]
[Date "2016.10.08"]
[Round "2"]
[White "Lopez Fajardo, Jose Miguel"]
[Black "Coll Ferre, Roberto"]
[Result "0-1"]
[WhiteElo "1389"]
[BlackElo "1640"]
[PlyCount "98"]
[EventDate "2016.10.01"]
[EventType "swiss"]
[EventRounds "7"]
[EventCountry "ESP"]
[SourceTitle "EXT 2024"]
[Source "ChessBase"]
[SourceDate "2023.10.10"]
[SourceVersion "1"]
[SourceVersionDate "2023.10.10"]
[SourceQuality "1"]

1. e4 c6 2. d4 d5 3. e5 Bf5 4. h3 e6 5. a3 c5 6. Nf3 Nc6 7. Bb5 Qb6 8. Ba4 Nge7 9. 0-0 Bg6 10. c3 Nf5 11. b4 cxd4 12. cxd4 Be7 13. Bb2 0-0 14. Bc2 a5 15. Nc3 Nfxd4 16. Bxg6 Nxf3+ 17. gxf3 hxg6 18. Na4 Qb5 19. Nc3 Qc4 20. b5 Nxe5 21. a4 Qf4 22. Kg2 Bd6 23. Bc1 Qc4 24. Ne2 Qd3 25. Ng1 Qxd1 26. Rxd1 Nc4 27. Ne2 Be5 28. Ra2 Rfc8 29. Be3 Nxe3+ 30. fxe3 Rc4 31. Nd4 Rac8 32. b6 Rb4 33. Nb5 Rc6 34. f4 Bf6 35. Nc7 Kf8 36. Rd3 Rbxb6 37. Nb5 Rc4 38. Kf3 Rbc6 39. Rb3 Rb4 40. Rd3 Rcc4 41. Nd6 Rxa4 42. Rxa4 Rxa4 43. Nxb7 Ra1 44. e4 dxe4+ 45. Kxe4 a4 46. Rd7 Rc1 47. Nd6 Be7 48. Nb5 f5+ 49. Ke3 a3 0-1